LEADER 01284nam a2200277 i 4500 001 000000244283 003 CaOOAMICUS 005 20220317083450.0 008 150803s1821 fr u000 u fre u 013 $a223188 026 $aezue cela l:u: CoJe (3) 1821 (A) 040 $aSeMil$bita 100 1 $aLasausse, Jean Baptiste,$d<1740-1826>.$0(OLS)http://semarc/name/82409 245 13$aLa science de l'oraison mentale, ouvrage très utile aux ecclésiastiques, aux religieuses et aux simples fidèles. 264 1$aA Lyon :$bChez Rusand ;$aA Paris :$bA la Librairie ecclésiastique,$c1821. 300 $aXLVI, 360 p. ;$c8°. 500 $aPer l'A. J.-B. Lasausse, cfr. BNF 650 4$aPreghiera - Orazione.$0(OLS)http://semarc/subject/2140 850 $aSeMil 852 $aSeMil$W1$xVenegono$y1$m3F III 350 FA$j194629$B194629$CSeMilBibl$Z2$F205156 $8I 941 1 $a10 961 $aRecupero: Mantegazza 996 $6245$aLa science de l'oraison mentale, ouvrage très utile aux ecclésiastiques, aux religieuses et aux simples fidèles$9(OLS)http://semarc/title/346285 996 $6264$aA Lyon :$bChez Rusand$9(OLS)http://semarc/publisher/37040 996 $6264$aA Paris :$bA la Librairie ecclésiastique$9(OLS)http://semarc/publisher/37041 LEADER 01066nam a2200241 i 4500 001 000000200581 003 CaOOAMICUS 005 20110810000000.0 008 110810s1962 it u000 u ita u 013 $a179281 040 $aSeMil$bita 100 1 $aDumas, Alexandre,$c.$0(OLS)http://semarc/name/8653 245 10$aGiuseppe Balsamo :$bconte di Cagliostro : romanzo storico /$cAlessandro Dumas ; traduzione di Ugo Caimpenta. 260 $aMilano :$bEditoriale Lucchi,$c1962. 300 $a313 p. , 19 cm. 490 0 $aI grandi romanzi storici di Alessandro Dumas 700 1 $aCaimpenta, Ugo.$0(OLS)http://semarc/name/72504 830 2$aI grandi romanzi storici di Alessandro Dumas.$0(OLS)http://semarc/title/33313 850 $aSeMil 852 $aSeMil$W1$xVenegono$y1$m1W I 691$j253261$B151110$CSeMilBibl$Z2$F166622 $81 961 $aOmaggio: Altro 996 $6245$aGiuseppe Balsamo :$bconte di Cagliostro : romanzo storico$9(OLS)http://semarc/title/290076 996 $6260$aMilano :$bEditoriale Lucchi$9(OLS)http://semarc/publisher/36244